| 000 | 00654nam a2200229Ia 4500 | ||
|---|---|---|---|
| 003 | OSt | ||
| 005 | 20220918105556.0 | ||
| 006 | a|||||r|||| 00| 0 | ||
| 007 | ta | ||
| 008 | 220915b |||||||| |||| 00| 0 eng d | ||
| 024 | _a17331 | ||
| 037 | _cReference Collections | ||
| 040 |
_aARTS _cARTS _beng |
||
| 041 |
_2eng _aeng |
||
| 082 | _aNA5921,6, L7 (RR) | ||
| 245 | 0 | _aBucharest museums of art tr from Romanian by Caterina Augysta Grundbock | |
| 260 |
_aBucharest _bMeridiane Pub House _c1977 |
||
| 300 | _a159p. illus | ||
| 650 | _aARTS | ||
| 942 |
_hNA5921,6, L7 (RR) _cREF |
||
| 999 |
_c108180 _d108180 |
||